Online
Catalog

Para cambiar la cara de la escuela : (Record no. 47081)

MARC details
000 -CABECERA
campo de control de longitud fija 01037nam a2200241 a 4500
001 - NÚMERO DE CONTROL
campo de control 000047593
005 - FECHA Y HORA DE LA ÚLTIMA TRANSACCIÓN
campo de control 20201002060627.0
008 - DATOS DE LONGITUD FIJA--INFORMACIÓN GENERAL
campo de control de longitud fija 180705s2017 dr 000 0 spa d
020 ## - NÚMERO INTERNACIONAL ESTÁNDAR DEL LIBRO
Número Internacional Estándar del Libro 9789945907131
040 ## - FUENTE DE LA CATALOGACIÓN
Centro catalogador/agencia de origen DO-SdBNP
Lengua de catalogación spa
Centro/agencia transcriptor BNPHU
082 ## - NÚMERO DE LA CLASIFICACIÓN DECIMAL DEWEY
Número de clasificación xxx
Número de documento/Ítem xxxx
100 1# - ENTRADA PRINCIPAL--NOMBRE DE PERSONA
Nombre de persona Ceballos, Rita Ma.
9 (RLIN) 75230
245 10 - MENCIÓN DE TÍTULO
Título Para cambiar la cara de la escuela :
Resto del título sistematización de la propuesta socioeducativa del Centro Cultural Poveda de República Dominicana /
Mención de responsabilidad, etc. Rita Ma. Ceballos ; colaboración Argentina Henríquez ; prólogo Ana Jesús Hernández, Leopoldo Artiles, Sara Victoria Alvarado.
260 ## - PUBLICACIÓN, DISTRIBUCIÓN, ETC.
Lugar de publicación, distribución, etc. Santo Domingo, :
Nombre del editor, distribuidor, etc. Centro Cultural Poveda,
Fecha de publicación, distribución, etc. 2017.
300 ## - DESCRIPCIÓN FÍSICA
Extensión 308 p. ;
Dimensiones 27 cm.
504 ## - NOTA DE BIBLIOGRAFÍA, ETC.
Nota de bibliografía, etc. Bibliografía p: 255-265
500 ## - NOTA GENERAL
Nota general Incluye datos biografícos de la autora en las solapas.
590 ## - NOTA LOCAL (RLIN)
Nota local Inventariado, 2018/ YL
700 1# - PUNTO DE ACCESO ADICIONAL--NOMBRE DE PERSONA
Nombre de persona Jesús Hernandez, Ana
Término indicativo de función/relación prol.
9 (RLIN) 43092
700 1# - PUNTO DE ACCESO ADICIONAL--NOMBRE DE PERSONA
Nombre de persona Artiles, Leopoldo
Término indicativo de función/relación prol.
9 (RLIN) 17960
700 1# - PUNTO DE ACCESO ADICIONAL--NOMBRE DE PERSONA
Nombre de persona Alvarado, Sara Victoria
Término indicativo de función/relación prol.
9 (RLIN) 75231
700 1# - PUNTO DE ACCESO ADICIONAL--NOMBRE DE PERSONA
Nombre de persona Henríquez, Argentina
Término indicativo de función/relación col.
9 (RLIN) 35885
Holdings
Estado de retiro Estado de pérdida No para préstamo Código de colección Localización permanente Ubicación/localización actual Ubicación en estantería Fecha de adquisición Número de inventario Total de préstamos Signatura topográfica completa Código de barras Fecha visto por última vez Número de copia Precio válido a partir de Tipo de ítem Koha
    Excluido de préstamo Dominicana de Servicio General General En catalogación 10.10.2018 LF1   xxx xxxx 47593-40 25.06.2020 e. 3 25.06.2020 Libro y Folleto Colección Dominicana de Servicio
    Excluido de préstamo Patrimonio Dominicano Patrimonio Dominicano Patrimonio Dominicano En catalogación 04.07.2018 LF1   xxx xxxx 47593-10 25.06.2020   25.06.2020 Libro y Folleto Colección Patrimonio Dominicano
    Excluido de préstamo Patrimonio Dominicano Patrimonio Dominicano Patrimonio Dominicano En catalogación 04.07.2018 LF1   xxx xxxx 47593-20 25.06.2020 e. 2 25.06.2020 Libro y Folleto Colección Patrimonio Dominicano

Powered by Koha